Closest Capitals Quiz Stats

Quiz Updated Sep 28, 2017

Challenge
Share
Tweet
Embed
Score 0/20 Timer 05:00
1 Play Today
Question Answer Wrong Answers
Ottawa Washington
92.1%
Nassau
1.1%
Havana
0.9%
Port-au-Prince
1.3%
Rome Vatican City
89.1%
San Marino
4.4%
Monaco
1.4%
Ljubljana
0.6%
Seoul Pyongyang
77.9%
Beijing
3.3%
Tokyo
12.1%
Taipei
1.9%
Washington Ottawa
70.7%
Nassau
14.1%
Havana
8.5%
Port-au-Prince
2%
Tokyo Seoul
64.1%
Pyongyang
14.4%
Beijing
8.7%
Taipei
8.1%
Islamabad Kabul
53.3%
Dushanbe
3.7%
New Delhi
33.4%
Tashkent
5.1%
Moscow Minsk
49.7%
Kyiv
21.5%
Vilnius
8.1%
Riga
16.3%
Mexico City Guatemala City
49.1%
Belmopan
23.4%
San Salvador
11.6%
Havana
11.2%
Addis Ababa Djibouti
47.8%
Asmara
19.8%
Juba
11%
Khartoum
16.6%
Paris Brussels
47.6%
Luxembourg
31.9%
London
12.4%
Bern
3.8%
Manila Taipei
46.2%
Bandar Seri Begawan
20.3%
Ngerulmud
7.2%
Hanoi
21.8%
Jakarta Singapore
43.1%
Kuala Lumpur
30.1%
Bandar Seri Begawan
10.4%
Dili
11.7%
Hanoi Vientiane
42%
Bangkok
16.5%
Naypyidaw
2.6%
Phnom Penh
34%
Beijing Pyongyang
41.6%
Seoul
21.1%
Ulaanbaatar
14.6%
Taipei
18.3%
Cairo Jerusalem
37.4%
Ramallah
15.6%
Amman
23.7%
Beirut
18.6%
New Delhi Islamabad
34.7%
Kathmandu
39.4%
Kabul
6.8%
Dhaka
14.5%
Brasilia AsunciĆ³n
30.8%
La Paz
23.2%
Montevideo
28.4%
Paramaribo
13.1%
Berlin Prague
30.3%
Copenhagen
24.9%
Warsaw
30.3%
Amsterdam
10%
Dhaka Thimphu
25.6%
Kathmandu
23.4%
Naypyidaw
24.9%
New Delhi
21.1%
London Brussels
23.2%
Paris
22.7%
Amsterdam
14.7%
Dublin
35%

You're not logged in!

Compare scores with friends on all Sporcle quizzes.
Sign Up with Email
OR
Log In

You Might Also Like...

Show Comments

Extras

Top Quizzes Today


Score Distribution

Your Account Isn't Verified!

In order to create a playlist on Sporcle, you need to verify the email address you used during registration. Go to your Sporcle Settings to finish the process.